000 00593nam a2200157Ia 4500
008 100122s9999 xx 000 0 und d
082 _b18466
_a823.08
100 _aबुवा वि आ
245 _aवाघ साबुदाण्याची खिचडी खातो
250 _a1
260 _bभारतीय प्रकाशन मंदिर
_c1905
300 _a96
630 _aवाघ साबुदाण्याची खिचडी खातो
730 _aवाघ साबुदाण्याची खिचडी खातो
942 _cBOOK
999 _c407895
_d407892